书目信息 |
| 题名: |
草坪病虫害识别与防治
|
|
| 作者: | 商鸿生 , 王凤葵 编著 | |
| 分册: | ||
| 出版信息: | 北京 金盾出版社 2002.09 |
|
| 页数: | 164页 | |
| 开本: | 19cm | |
| 丛书名: | ||
| 单 册: | ||
| 中图分类: | S436.8 | |
| 科图分类: | ||
| 主题词: | 植物--病虫害 , 植物--病虫害防治方法 | |
| 电子资源: | ||
| ISBN: | 7-5082-2008-0 | |
| 000 | 00712nam0 2200229 450 | |
| 001 | 0434648424 | |
| 005 | 20040220093728.31 | |
| 010 | @a7-5082-2008-0@dCNY7.50 | |
| 100 | @a20040220d2002 km y0chiy0120 ea | |
| 101 | 0 | @achi |
| 102 | @aCN@b110000 | |
| 102 | @aCN@b110000 | |
| 200 | 1 | @a草坪病虫害识别与防治@Acao ping bing chong hai shi bie yu fang zhi@f商鸿生,王凤葵编著@Fshang hong sheng,wang feng kui bian zhu |
| 210 | @a北京@c金盾出版社@d2002.09 | |
| 215 | @a164页@c图@d19cm | |
| 606 | 0 | @a植物@x病虫害 |
| 606 | 0 | @a植物@x病虫害防治方法 |
| 690 | @aS436.8@v4 | |
| 701 | 0 | @a商鸿生@Ashang hong sheng@4编著 |
| 701 | 0 | @a王凤葵@Awang feng kui@4编著 |
| 801 | 0 | @aCN@bPFT@c20040220 |
| 905 | @aBZT@dS436.8@e3@f6 | |
| 草坪病虫害识别与防治/商鸿生,王凤葵编著.-北京:金盾出版社,2002.09 |
| 164页:图;19cm |
| ISBN 7-5082-2008-0:CNY7.50 |
| ● |
| 相关链接 |
|
|
|
正题名:草坪病虫害识别与防治
索取号:S436.8/3
 
预约/预借
| 序号 | 登录号 | 条形码 | 馆藏地/架位号 | 状态 | 备注 |
| 1 | 2001740135 | 2001740135 | 样本书库/样005架A面1层2列/ [索取号:S436.8/3] | 在馆 | |
| 2 | 356629 | 230077816 | 中心书库中库/ 中库033架A面3列4层36/ [索取号:S436.8/3] | 在馆 | |
| 3 | 356630 | 230077824 | 中心书库中库/ 中库033架A面3列4层32/ [索取号:S436.8/3] | 在馆 | |
| 4 | 356631 | 230077820 | 中心书库中库/ 中库033架A面3列4层34/ [索取号:S436.8/3] | 在馆 | |
| 5 | 356632 | 230077822 | 中心书库中库/ 中库033架A面3列4层33/ [索取号:S436.8/3] | 在馆 | |
| 6 | 356633 | 230077818 | 中心书库中库/ 中库033架A面3列4层35/ [索取号:S436.8/3] | 在馆 |